[Event "Campeonato de Euskadi Juvenil"]
[Site "Eibar"]
[Date "2013.04.02"]
[Round "1.1"]
[White "Vicente Ezeiza, Mikel"]
[Black "Urriza Iricibar, Pablo"]
[Result "0-1"]
[WhiteElo "1701"]
[BlackElo "2088"]
[PlyCount "60"]
[EventDate "2013.04.02"]
[SourceDate "2005.01.01"]

1. f4 e5 2. fxe5 d6 3. exd6 Bxd6 4. Nf3 g5 5. d4 h6 6. e4 g4 7. Ne5 Bxe5 8.
dxe5 Qxd1+ 9. Kxd1 Be6 10. Nc3 Nc6 11. Bf4 O-O-O+ 12. Kc1 Nge7 13. Be2 Ng6 14.
Bg3 Ncxe5 15. b3 h5 16. Kb2 h4 17. Bxe5 Nxe5 18. Rad1 c6 19. Rxd8+ Kxd8 20. Nd1
Ke7 21. Ne3 Rd8 22. Rd1 Rxd1 23. Bxd1 Kf6 24. Kc3 Kg5 25. Kd4 Nd7 26. Be2 Kf4
27. Nc4 c5+ 28. Kd3 Bxc4+ 29. Kxc4 Kxe4 30. a4 Ke3 {Diagrama #} 0-1

[Event "Campeonato de Euskadi Juvenil"]
[Site "Eibar"]
[Date "2013.04.02"]
[Round "1.2"]
[White "Ruiz Abad, Juan Manuel"]
[Black "Jauregi Barandiaran, Jon"]
[Result "1-0"]
[WhiteElo "2033"]
[BlackElo "1603"]
[PlyCount "67"]
[EventDate "2013.04.02"]
[SourceDate "2005.01.01"]

1. e4 d6 2. d4 Nf6 3. f3 e5 4. Be3 Nbd7 5. Nc3 Be7 6. Nge2 c6 7. g4 h6 8. Qd2
b5 9. Ng3 Nb6 10. O-O-O Nh7 11. Nf5 Bxf5 12. gxf5 b4 13. Nb1 a5 14. dxe5 dxe5
15. Qxd8+ Bxd8 16. Rxd8+ Rxd8 17. Bxb6 Ra8 18. Bc5 Nf6 19. Rg1 Rg8 20. Bd6 Nd7
21. Nd2 Ra7 22. Nc4 f6 23. f4 exf4 24. Bxf4 Ke7 25. Bxh6 Kf8 26. Bf4 Rh8 27.
Bd6+ Kf7 28. e5 fxe5 29. Nxe5+ Nxe5 30. Bxe5 Rh7 31. Bc4+ Kf8 32. f6 gxf6 33.
Bxf6 Ke8 34. Be6 1-0

[Event "Campeonato de Euskadi Juvenil"]
[Site "Eibar"]
[Date "2013.04.02"]
[Round "1.3"]
[White "Laseca Arana, Irati"]
[Black "Buiza Prieto, Aizbeltz"]
[Result "0-1"]
[WhiteElo "1595"]
[BlackElo "2005"]
[PlyCount "108"]
[EventDate "2013.04.02"]
[SourceDate "2005.01.01"]

1. e4 c5 2. Nf3 e6 3. d4 cxd4 4. Nxd4 Nc6 5. Nc3 Nf6 6. Ndb5 d6 7. Bf4 e5 8.
Bg5 a6 9. Na3 b5 10. Nd5 Be7 11. Bxf6 Bxf6 12. c3 Bg5 13. Nc2 O-O 14. Be2 Rb8
15. O-O Be6 16. f4 exf4 17. Nxf4 Bxf4 18. Rxf4 Qb6+ 19. Kh1 Rbd8 20. Nd4 Ne5
21. a3 Bc4 22. Qc2 a5 23. Nf5 Be6 24. Nd4 b4 25. axb4 axb4 26. Ra6 Qc5 27. Qd2
Bc4 28. Bxc4 Qxc4 29. Ra1 Ra8 30. Rff1 b3 {Diagrama # posicion igualada.} 31.
Qe2 Qxe2 32. Nxe2 Nd3 33. Nd4 Nf2+ 34. Kg1 Nxe4 35. Nxb3 Rab8 36. Ra3 Rb6 37.
Rd1 f5 38. c4 h6 39. h3 Kh7 40. Rd5 Kg6 41. Nd2 Rxb2 42. Nxe4 Rb1+ 43. Kh2 fxe4
44. Rxd6+ Rf6 45. Rg3+ Kf7 46. Rd7+ Ke6 47. Rdxg7 Ke5 48. Re7+ Kd4 49. Rg4 Re1
50. Kg3 Rf5 51. Rc7 h5 52. Rh4 Re3+ 53. Kh2 Re2 54. c5 Rg5 0-1

[Event "Campeonato de Euskadi Juvenil"]
[Site "Eibar"]
[Date "2013.04.02"]
[Round "1.4"]
[White "Barrio Ugidos, Ibon"]
[Black "Vadillo Jueguen, Jon M"]
[Result "1-0"]
[WhiteElo "1925"]
[BlackElo "1581"]
[PlyCount "53"]
[EventDate "2013.04.02"]
[SourceDate "2005.01.01"]

1. e4 c5 2. Nf3 Nc6 3. Nc3 g6 4. d4 cxd4 5. Nxd4 Bg7 6. Be3 d6 7. f3 Nf6 8. Qd2
Nxd4 9. Bxd4 O-O 10. O-O-O b6 11. h4 h5 12. Be2 Bd7 13. g4 hxg4 14. h5 Nxh5 15.
Bxg7 Nxg7 16. Qh6 f6 17. Bc4+ e6 18. Qxg6 Qe8 19. Qxg4 Rd8 20. Bb3 Kf7 21. Rh7
Rg8 22. Rg1 Qf8 23. Qg6+ Ke7 24. Rxg7+ Rxg7 25. Qxg7+ Qf7 26. Qxf7+ Kxf7 27. f4
1-0

[Event "Campeonato de Euskadi Juvenil"]
[Site "Eibar"]
[Date "2013.04.02"]
[Round "1.5"]
[White "Campo Medina, Ruben"]
[Black "Ochoa De Eribe Martinez, Daniel"]
[Result "0-1"]
[WhiteElo "1565"]
[BlackElo "1890"]
[PlyCount "104"]
[EventDate "2013.04.02"]
[SourceDate "2005.01.01"]

1. e4 c5 2. Nc3 Nc6 3. g3 g6 4. Bg2 Bg7 5. d3 d6 6. f4 e6 7. Nf3 Nge7 8. O-O
O-O 9. Be3 b6 10. d4 Ba6 11. Re1 Qc7 12. Bf2 Rac8 13. dxc5 dxc5 14. e5 Rfd8 15.
Qc1 Nd4 16. Ne4 Ne2+ 17. Rxe2 Bxe2 18. Nd6 Rxd6 19. exd6 Qxd6 20. c3 Rd8 21.
Qe3 Ba6 22. Re1 Bb7 23. Nh4 Bxg2 24. Nxg2 Qd2 25. Re2 Qxe3 26. Nxe3 h5 27. Be1
Kf8 28. Rd2 Rxd2 29. Bxd2 Nd5 30. Kf2 Nxe3 31. Kxe3 Ke7 32. Kd3 Kd6 33. Kc4 Kc6
34. a4 a6 35. b4 b5+ 36. axb5+ axb5+ 37. Kd3 cxb4 38. cxb4 Kd5 39. Be3 Bf8 40.
Kc3 Bd6 41. Bd4 e5 42. fxe5 Bxe5 43. Bxe5 Kxe5 44. Kd3 g5 45. h3 f5 46. Ke3 f4+
47. Kf3 fxg3 48. Kxg3 Ke4 49. Kg2 g4 50. hxg4 hxg4 51. Kg3 Kd4 52. Kxg4 Kc4 0-1

[Event "Campeonato de Euskadi Juvenil"]
[Site "Eibar"]
[Date "2013.04.02"]
[Round "1.6"]
[White "Hernansanz Lorenzo, Iker"]
[Black "Lertxundi Azpiazu, Jon"]
[Result "1-0"]
[WhiteElo "1816"]
[BlackElo "1461"]
[PlyCount "76"]
[EventDate "2013.04.02"]
[SourceDate "2005.01.01"]

1. b4 d5 2. e3 Bf5 3. Nf3 e6 4. a3 Nf6 5. Bb2 Be7 6. c4 c6 7. Nc3 O-O 8. Rc1
Nbd7 9. cxd5 cxd5 10. Be2 Rc8 11. O-O Ne4 12. Nb5 a6 13. Nbd4 Bg6 14. d3 Nd6
15. Nb3 Rxc1 16. Qxc1 Bf6 17. Nc5 Bxb2 18. Qxb2 Nf5 19. Nxb7 Qb6 20. Na5 Nf6
21. Qc1 Ng4 22. Qc5 Qxc5 23. bxc5 Rb8 24. d4 Rb2 25. Bxa6 Nfxe3 26. fxe3 Nxe3
27. c6 Nxf1 28. Kxf1 Rc2 29. Bb5 Kf8 30. Nb3 Ke7 31. Nc5 Kd6 32. Na6 f6 33. c7
Rxc7 34. Nxc7 Kxc7 35. Ke2 Kb6 36. Bd3 Bxd3+ 37. Kxd3 Kb5 38. Kc3 g5 1-0

[Event "Campeonato de Euskadi Juvenil"]
[Site "Eibar"]
[Date "2013.04.03"]
[Round "2.1"]
[White "Urriza Iricibar, Pablo"]
[Black "Hernansanz Lorenzo, Iker"]
[Result "1-0"]
[WhiteElo "2088"]
[BlackElo "1816"]
[PlyCount "65"]
[EventDate "2013.04.02"]
[SourceDate "2005.01.01"]

1. e4 c5 2. Nf3 e6 3. d4 cxd4 4. Nxd4 a6 5. Nc3 Qc7 6. Bd3 b5 7. Nb3 Bb7 8. O-O
Nf6 9. Qe2 Nc6 10. f4 d6 11. a4 b4 12. Nd1 Be7 13. a5 O-O 14. Ne3 Rfd8 15. Nc4
d5 16. exd5 Nxd5 17. Ne5 Bf8 18. Rf3 g6 19. h4 Nxe5 20. fxe5 Nc3 21. bxc3 Bxf3
22. Qxf3 Qxc3 23. Bg5 Rdc8 24. Rf1 Qc7 25. h5 h6 26. Bf6 Qa7+ 27. Kh1 Rc3 28.
Qe4 Rxd3 29. Qxd3 g5 30. Nd2 Rc8 31. Ne4 Qc7 32. Bxg5 Qxe5 33. Nf6+ 1-0

[Event "Campeonato de Euskadi Juvenil"]
[Site "Eibar"]
[Date "2013.04.03"]
[Round "2.2"]
[White "Ochoa De Eribe Martinez, Daniel"]
[Black "Ruiz Abad, Juan Manuel"]
[Result "0-1"]
[WhiteElo "1890"]
[BlackElo "2033"]
[PlyCount "92"]
[EventDate "2013.04.02"]
[SourceDate "2005.01.01"]

1. e4 c5 2. Nc3 Nc6 3. g3 g6 4. Bg2 Bg7 5. d3 d6 6. f4 e6 7. Nf3 Nge7 8. O-O
O-O 9. Be3 b6 10. d4 Ba6 11. Re1 Qc7 12. a4 Rfd8 13. Nb5 Bxb5 14. axb5 Nxd4 15.
Nxd4 cxd4 16. Bxd4 e5 17. Bc3 d5 18. Bxe5 Bxe5 19. fxe5 d4 20. e6 fxe6 21. Qg4
e5 22. Qe6+ Kg7 23. Rf1 {Diagrama #} 23... Ng8 24. Rf3 Re8 25. Qb3 Re7 26. Raf1
Qd7 27. R1f2 Nh6 28. h3 Rc8 29. Bf1 Rc7 30. Kh2 Nf7 31. h4 Nd6 32. Qd3 Qg4 33.
Re2 Rf7 34. Bg2 Rxf3 35. Bxf3 Qd7 36. Bg2 Qxb5 37. Qxb5 Nxb5 38. Bh3 Kf6 39.
Rf2+ Ke7 40. Bf1 Nd6 41. Bd3 b5 42. b3 a5 43. Rf1 a4 44. bxa4 bxa4 45. Ra1 Ra7
46. Ra3 Nb7 {...} 0-1

[Event "Campeonato de Euskadi Juvenil"]
[Site "Eibar"]
[Date "2013.04.03"]
[Round "2.3"]
[White "Buiza Prieto, Aizbeltz"]
[Black "Lomas Romero, Benat"]
[Result "1/2-1/2"]
[WhiteElo "2005"]
[BlackElo "1758"]
[PlyCount "108"]
[EventDate "2013.04.02"]
[SourceDate "2005.01.01"]

1. f4 d5 2. Nf3 Nf6 3. g3 c5 4. Bg2 Nc6 5. d3 g6 6. O-O Bg7 7. Nc3 d4 8. Ne4
Nxe4 9. dxe4 O-O 10. h3 e5 11. f5 gxf5 12. exf5 Bxf5 13. Nxe5 Bxh3 14. Nxc6 Qd7
15. Ne7+ Kh8 16. Bxh3 Qxh3 17. Qd3 Rae8 18. Rf2 Rxe7 19. Rh2 c4 20. Qf3 Qe6 21.
Bg5 f6 22. Qh5 Qg8 23. Bf4 Rfe8 24. Rf1 Rd7 25. Qc5 Re6 26. Rff2 Bf8 27. Qf5
Rde7 28. b3 cxb3 29. axb3 Rc6 30. Rh4 Rf7 31. Rfh2 Bd6 32. Bxd6 Rxd6 33. Rg4
Rg7 34. Rhh4 Rc6 35. Kg2 Rxg4 36. Rxg4 Qe6 37. Qf3 Rxc2 38. Re4 Qc6 39. Kh3 Rc3
40. Qf4 Rc5 41. Qb8+ Qc8+ 42. Qxc8+ Rxc8 43. Rxd4 Rc7 44. Rg4 Re7 45. e4 a5 46.
Kg2 b5 47. Kf3 a4 48. bxa4 bxa4 49. e5 Rxe5 50. Rxa4 Kg7 51. Kf4 Kg6 52. Rb4
Ra5 53. Rc4 Rg5 54. Rc8 Ra5 1/2-1/2

[Event "Campeonato de Euskadi Juvenil"]
[Site "Eibar"]
[Date "2013.04.03"]
[Round "2.4"]
[White "Llano Olabarrieta, Joseba"]
[Black "Barrio Ugidos, Ibon"]
[Result "1-0"]
[WhiteElo "1791"]
[BlackElo "1925"]
[PlyCount "77"]
[EventDate "2013.04.02"]
[SourceDate "2005.01.01"]

1. e4 e6 2. d4 d5 3. Nd2 Nf6 4. e5 Nfd7 5. Bd3 c5 6. c3 Nc6 7. Ne2 cxd4 8. cxd4
f6 9. exf6 Nxf6 10. Nf3 Bd6 11. O-O Qc7 12. Re1 O-O 13. Ng3 Bd7 14. Bd2 Rae8
15. Rc1 Qb8 16. Bc3 b5 17. b3 b4 18. Bb2 e5 19. dxe5 Nxe5 20. Be2 Qb7 21. Nd4
Ne4 22. Nxe4 dxe4 23. Nb5 Bxb5 24. Qxd6 e3 25. f3 Bxe2 26. Bxe5 Qb5 {Diagrama #
} 27. Rc5 Qa6 28. Qd7 Qg6 29. Rc6 Qg5 30. f4 Qg4 31. Qd5+ Kh8 32. h3 Qh5 33.
Rc7 Rxe5 34. Qxe5 Qxe5 35. fxe5 Bd3 36. Rxe3 Bb1 37. e6 Bxa2 38. e7 Re8 39. Rc8
1-0

[Event "Campeonato de Euskadi Juvenil"]
[Site "Eibar"]
[Date "2013.04.03"]
[Round "2.5"]
[White "Lertxundi Azpiazu, Jon"]
[Black "Vicente Ezeiza, Mikel"]
[Result "1/2-1/2"]
[WhiteElo "1461"]
[BlackElo "1701"]
[PlyCount "65"]
[EventDate "2013.04.02"]
[SourceDate "2005.01.01"]

1. e4 c6 2. d4 d5 3. exd5 cxd5 4. Nc3 Bf5 5. Nf3 Nc6 6. a3 Nf6 7. Bf4 a6 8. Bd3
Bg6 9. O-O e6 10. Bxg6 hxg6 11. Ne2 Bd6 12. g3 Ne4 13. Ne5 Bxe5 14. Bxe5 g5 15.
f3 Nd6 16. Bxd6 Qxd6 17. c3 Kd7 18. Qd2 Rh5 19. f4 g4 20. Nc1 f6 21. Qc2 Rah8
22. Rf2 Ne7 23. Qd1 f5 24. Qa4+ b5 25. Qb4 Nc8 26. Nd3 Kc7 27. Qc5+ Kb7 28. b3
g5 29. Qxd6 Nxd6 30. Nc5+ Kb6 31. Nxe6 Ne4 32. Rg2 Nxc3 33. Nxg5 {Diagrama #}
1/2-1/2

[Event "Campeonato de Euskadi Juvenil"]
[Site "Eibar"]
[Date "2013.04.03"]
[Round "2.6"]
[White "Jauregi Barandiaran, Jon"]
[Black "Campo Medina, Ruben"]
[Result "1-0"]
[WhiteElo "1603"]
[BlackElo "1565"]
[PlyCount "147"]
[EventDate "2013.04.02"]
[SourceDate "2005.01.01"]

1. e4 c6 2. d3 d5 3. Nd2 dxe4 4. dxe4 e5 5. Ngf3 Nd7 6. Bc4 h6 7. O-O Ngf6 8.
c3 Bd6 9. Bb3 O-O 10. Bc2 Re8 11. Nc4 Bc7 12. Nd6 Re6 13. Nf5 Nc5 14. Qe2 Qf8
15. b3 Ncd7 16. Bd3 a5 17. Bc4 Re8 18. a4 Rd8 19. Ba3 Nc5 20. Qe3 Bb6 21. Nxe5
Ncd7 22. Bxf8 Bxe3 23. Nxd7 Bxd7 24. Be7 Bb6 25. Bxd8 Rxd8 26. Ng3 Bg4 27. Ra2
Re8 28. Re1 Nd5 29. Bxd5 cxd5 30. h3 Bd7 31. Rae2 dxe4 32. Rxe4 Rc8 33. Rc1 Bc6
34. Rc4 Re8 35. Rd1 Re5 36. Ra1 Bd5 37. Rc8+ Kh7 38. b4 axb4 39. cxb4 Bc6 40.
a5 Bd4 41. Rd1 Rd5 42. Rc1 Bb2 43. Rc2 Bd4 44. Ra2 Rb5 45. a6 Rxb4 46. a7 Bxa7
47. Rxa7 Rb1+ 48. Kh2 Rb2 49. Ra5 Rxf2 50. Rxc6 bxc6 51. Rc5 Rf6 52. Ne4 Re6
53. Nd2 Kg6 54. Nb3 Kh7 55. Na5 Rd6 56. Rxc6 Rxc6 57. Nxc6 Kg6 58. Kg3 Kf6 59.
Kf4 Ke6 60. Nd4+ Kf6 61. g4 Kg6 62. h4 h5 63. g5 f6 64. Nf3 fxg5+ 65. hxg5 Kf7
66. Kf5 g6+ 67. Ke5 Ke7 68. Nh4 Kf7 69. Kd6 Kg7 70. Ke6 Kh7 71. Kf6 Kg8 72.
Kxg6 Kh8 73. Kf7 Kh7 74. g6+ 1-0

[Event "Campeonato de Euskadi Juvenil"]
[Site "Eibar"]
[Date "2013.04.03"]
[Round "3.1"]
[White "Ruiz Abad, Juan Manuel"]
[Black "Urriza Iricibar, Pablo"]
[Result "1/2-1/2"]
[WhiteElo "2033"]
[BlackElo "2088"]
[PlyCount "102"]
[EventDate "2013.04.02"]
[SourceDate "2005.01.01"]

1. e4 c5 2. Nf3 e6 3. d4 cxd4 4. Nxd4 Nf6 5. Nc3 Bb4 6. e5 Nd5 7. Bd2 Nxc3 8.
bxc3 Be7 9. Qg4 g6 10. Bd3 Qa5 11. Qg3 Nc6 12. Nf3 b6 13. O-O Ba6 14. c4 Qa4
15. Ng5 Bxg5 16. Bxg5 Qa5 17. Rfe1 Qc5 18. Bf6 Rg8 19. Qh4 h5 20. Rad1 Rc8 21.
Bf1 Na5 22. Rd4 Bxc4 23. Bxc4 Nxc4 24. Red1 Rc7 25. Bd8 {Diagrama #} 25... g5
26. Qxh5 Nxe5 27. Bxc7 Qxc7 28. Qh7 Rg6 29. Re1 Ke7 30. Qh8 Rf6 31. Qh3 Qxc2
32. Qe3 Qf5 33. Re4 d6 34. Rf1 Ng4 35. Qd4 e5 36. f3 Kf8 37. Qd5 Nh6 38. Qa8+
Kg7 39. Qxa7 d5 40. Ree1 Qf4 41. Qc7 Qd4+ 42. Kh1 Re6 43. Rd1 Qc4 44. Qd8 Qh4
45. g3 Qh5 46. Qxd5 Nf5 47. g4 Ng3+ 48. Kg2 Nxf1 49. gxh5 Ne3+ 50. Kg3 Nxd5 51.
Rxd5 Kh6 1/2-1/2

[Event "Campeonato de Euskadi Juvenil"]
[Site "Eibar"]
[Date "2013.04.03"]
[Round "3.2"]
[White "Lomas Romero, Benat"]
[Black "Llano Olabarrieta, Joseba"]
[Result "1/2-1/2"]
[WhiteElo "1758"]
[BlackElo "1791"]
[PlyCount "56"]
[EventDate "2013.04.02"]
[SourceDate "2005.01.01"]

1. e4 c5 2. Nc3 e6 3. g3 Nc6 4. Bg2 d6 5. d3 g6 6. Be3 Bg7 7. Qd2 Rb8 8. Nge2
Nd4 9. O-O Ne7 10. Nd1 O-O 11. c3 Nxe2+ 12. Qxe2 Nc6 13. Qd2 b6 14. Bh6 Bxh6
15. Qxh6 Ba6 16. Qd2 Ne5 17. c4 Qc7 18. f4 Nc6 19. f5 f6 20. fxe6 Bc8 21. Bh3
Qe7 22. Nc3 Bxe6 23. Bxe6+ Qxe6 24. Rf2 Kg7 25. Nd5 Ne7 26. Re1 Qe5 27. Kg2
Rbe8 28. Rfe2 Nc6 1/2-1/2

[Event "Campeonato de Euskadi Juvenil"]
[Site "Eibar"]
[Date "2013.04.03"]
[Round "3.3"]
[White "Barrio Ugidos, Ibon"]
[Black "Buiza Prieto, Aizbeltz"]
[Result "1/2-1/2"]
[WhiteElo "1925"]
[BlackElo "2005"]
[PlyCount "70"]
[EventDate "2013.04.02"]
[SourceDate "2005.01.01"]

1. e4 c5 2. Nf3 e6 3. d4 cxd4 4. Nxd4 Nf6 5. Nc3 Nc6 6. Ndb5 d6 7. Bf4 e5 8.
Bg5 a6 9. Na3 b5 10. Nd5 Be7 11. Bxf6 Bxf6 12. c3 Bg5 13. Nc2 O-O 14. a4 bxa4
15. Rxa4 a5 16. Bc4 Rb8 17. Ra2 Kh8 18. Nce3 Be6 19. b3 f5 20. exf5 Bxe3 21.
Nxe3 Bxc4 22. Nxc4 d5 23. Rd2 Qg5 24. Ne3 d4 25. h4 Qf6 26. cxd4 exd4 27. Nc2
Qxf5 28. O-O Rxb3 29. Nxd4 Nxd4 30. Rxd4 Rb2 31. Rd5 Qf6 32. Rxa5 Rxf2 33. Rxf2
Qxf2+ 34. Kh2 Qxh4+ 35. Kg1 Qf2+ 1/2-1/2

[Event "Campeonato de Euskadi Juvenil"]
[Site "Eibar"]
[Date "2013.04.03"]
[Round "3.4"]
[White "Laseca Arana, Irati"]
[Black "Ochoa De Eribe Martinez, Daniel"]
[Result "0-1"]
[WhiteElo "1595"]
[BlackElo "1890"]
[PlyCount "68"]
[EventDate "2013.04.02"]
[SourceDate "2005.01.01"]

1. e4 c5 2. Nf3 Nc6 3. d4 cxd4 4. Nxd4 Nf6 5. Nc3 e5 6. Ndb5 d6 7. Nd5 Nxd5 8.
exd5 Ne7 9. c4 Nf5 10. Bd3 Be7 11. O-O a6 12. Nc3 O-O 13. Qh5 g6 14. Qd1 Bf6
15. Ne4 Bg7 16. Rb1 a5 17. a3 a4 18. Bc2 Qc7 19. Bd3 Nd4 20. Nc3 Bd7 21. Be3
Rfe8 22. Bxd4 exd4 23. Ne4 f5 24. Ng5 Qd8 25. f4 h6 26. Nf3 Re3 27. Re1 Qb6 28.
Qd2 Rae8 29. Kf1 Qb3 30. Rbd1 b5 31. Qc2 {Diagrama #} 31... Qxc2 32. Bxc2 bxc4
33. Rxe3 dxe3 34. Ke2 Bxb2 0-1

[Event "Campeonato de Euskadi Juvenil"]
[Site "Eibar"]
[Date "2013.04.03"]
[Round "3.5"]
[White "Hernansanz Lorenzo, Iker"]
[Black "Jauregi Barandiaran, Jon"]
[Result "0-1"]
[WhiteElo "1816"]
[BlackElo "1603"]
[PlyCount "55"]
[EventDate "2013.04.02"]
[SourceDate "2005.01.01"]

1. e4 d6 2. d4 Nf6 3. f3 e5 4. Ne2 Be7 5. Be3 O-O 6. Nbc3 Nbd7 7. g4 h6 8. Qd2
Nh7 9. Ng3 Nb6 10. O-O-O Bg5 11. Be2 a6 12. Kb1 Bxe3 13. Qxe3 Qg5 14. Qf2 Qf4
15. Nh5 Qg5 16. h4 Qe7 17. Qe3 Re8 18. Rdg1 exd4 19. Qxd4 Qe5 20. Qxe5 dxe5 21.
g5 hxg5 22. hxg5 Re6 23. Nd5 Nxd5 24. exd5 Rd6 25. Bd3 g6 26. c4 b6 27. f4 exf4
28. Nxf4 0-1

[Event "Campeonato de Euskadi Juvenil"]
[Site "Eibar"]
[Date "2013.04.03"]
[Round "3.6"]
[White "Vicente Ezeiza, Mikel"]
[Black "Vadillo Jueguen, Jon M"]
[Result "0-1"]
[WhiteElo "1701"]
[BlackElo "1581"]
[PlyCount "55"]
[EventDate "2013.04.02"]
[SourceDate "2005.01.01"]

1. f4 e5 2. fxe5 d6 3. exd6 Bxd6 4. Nf3 g5 5. d4 g4 6. Ng5 f5 7. e4 h6 8. e5
Be7 9. Nh3 gxh3 10. Qh5+ Kf8 11. Bc4 Rh7 12. Qg6 Rg7 13. Bxh6 Bb4+ 14. c3 Qh4+
15. g3 Qxh6 16. Qxh6 Nxh6 17. cxb4 Nc6 18. Kd2 Nxd4 19. Rf1 Nc6 20. e6 Re7 21.
g4 Bxe6 22. Bxe6 Rd8+ 23. Kc3 Rxe6 24. gxf5 Rf6 25. Nd2 Rd5 26. Ne4 Rfxf5 27.
Nf6 Rxf1 28. Rxf1 0-1

[Event "Campeonato de Euskadi Juvenil"]
[Site "Eibar"]
[Date "2013.04.03"]
[Round "3.7"]
[White "Campo Medina, Ruben"]
[Black "Lertxundi Azpiazu, Jon"]
[Result "0-1"]
[WhiteElo "1565"]
[BlackElo "1461"]
[PlyCount "118"]
[EventDate "2013.04.02"]
[SourceDate "2005.01.01"]

1. e4 e5 2. d4 exd4 3. Qxd4 Nc6 4. Qe3 a6 5. Nc3 Bb4 6. Bd2 Qe7 7. O-O-O d6 8.
f4 Bd7 9. Nd5 Bxd2+ 10. Rxd2 Qd8 11. Nf3 Nf6 12. h3 O-O 13. Nxf6+ Qxf6 14. e5
Qe7 15. Qc3 dxe5 16. fxe5 Rad8 17. Bc4 Be6 18. Rhd1 Rxd2 19. Rxd2 h6 20. Bxe6
Qxe6 21. Kb1 Re8 22. Re2 Qe7 23. Re1 Rd8 24. a3 Rd5 25. Qb3 Rb5 26. Qc3 Rd5 27.
Qb3 Rb5 28. Qc3 Qc5 29. Qxc5 Rxc5 30. e6 fxe6 31. Rxe6 Kf7 32. Re2 Rd5 33. c3
Rd6 34. Kc2 Re6 35. Rf2 Ke7 36. Kd2 Ne5 37. Nxe5 Rxe5 38. Rf4 Re6 39. Kd3 Rg6
40. g4 Rf6 41. Rxf6 Kxf6 42. h4 Ke5 43. Ke3 g6 44. b4 b5 45. Kf3 h5 46. gxh5
gxh5 47. Ke3 Kf5 48. Kd4 Kg4 49. Kd5 Kxh4 50. Kc6 Kg5 51. Kxc7 h4 52. Kb6 h3
53. Kxa6 h2 54. Kxb5 h1=Q 55. c4 Qb7+ 56. Ka4 Kf5 57. b5 Ke5 58. b6 Qxb6 59. c5
Qxc5 0-1

[Event "Campeonato de Euskadi Juvenil"]
[Site "Eibar"]
[Date "2013.04.04"]
[Round "4.1"]
[White "Llano Olabarrieta, Joseba"]
[Black "Ruiz Abad, Juan Manuel"]
[Result "0-1"]
[WhiteElo "1791"]
[BlackElo "2033"]
[PlyCount "72"]
[EventDate "2013.04.02"]
[SourceDate "2005.01.01"]

1. e4 c5 2. Nf3 Nc6 3. d4 cxd4 4. Nxd4 e5 5. Nb5 d6 6. c4 Be7 7. Bd3 Nf6 8.
N1c3 a6 9. Na3 Bg4 10. f3 Be6 11. O-O O-O 12. Nc2 Nh5 13. Ne3 Bg5 14. Ncd5 g6
15. b3 f5 16. Rf2 f4 17. Nc2 Ne7 18. Nxe7+ Bxe7 19. Ba3 Qb6 20. Kf1 Rad8 21.
Nb4 Qa7 22. Rd2 g5 23. Be2 Rf6 24. Nd5 Bxd5 25. Rxd5 Ng3+ 26. hxg3 Rh6 {
Diagrama #} 27. c5 Rh1+ 28. Kf2 Rxd1 29. Raxd1 Rc8 30. gxf4 gxf4 31. Kf1 b5 32.
cxd6 Bh4 33. g3 Bxg3 34. Kg2 Qf2+ 35. Kh3 h5 36. Rh1 Qxe2 0-1

[Event "Campeonato de Euskadi Juvenil"]
[Site "Eibar"]
[Date "2013.04.04"]
[Round "4.2"]
[White "Urriza Iricibar, Pablo"]
[Black "Buiza Prieto, Aizbeltz"]
[Result "1-0"]
[WhiteElo "2088"]
[BlackElo "2005"]
[PlyCount "55"]
[EventDate "2013.04.02"]
[SourceDate "2005.01.01"]

1. e4 c5 2. Nf3 e6 3. d4 cxd4 4. Nxd4 Nf6 5. Nc3 Nc6 6. Ndb5 d6 7. Bf4 e5 8.
Bg5 a6 9. Na3 b5 10. Bxf6 gxf6 11. Nd5 Bg7 12. Bd3 Ne7 13. Nxe7 Qxe7 14. O-O
O-O 15. Re1 f5 16. exf5 Bb7 17. Qg4 d5 18. c3 Qf6 19. Nc2 Kh8 20. Re3 Bc8 21.
Nb4 Rd8 22. Rae1 e4 23. Nxd5 Bxf5 24. Nxf6 Bxg4 25. Nxe4 Bh6 26. Rg3 f5 27. Nf6
Bf4 28. Re7 1-0

[Event "Campeonato de Euskadi Juvenil"]
[Site "Eibar"]
[Date "2013.04.04"]
[Round "4.3"]
[White "Ochoa De Eribe Martinez, Daniel"]
[Black "Lomas Romero, Benat"]
[Result "1-0"]
[WhiteElo "1890"]
[BlackElo "1758"]
[PlyCount "107"]
[EventDate "2013.04.02"]
[SourceDate "2005.01.01"]

1. e4 c5 2. Nc3 a6 3. Nf3 Nc6 4. d4 cxd4 5. Nxd4 e5 6. Nf5 d6 7. Ne3 Nf6 8. g3
Be7 9. Bg2 O-O 10. O-O b5 11. Ncd5 Bb7 12. c3 Nb8 13. Nxf6+ Bxf6 14. h4 Be7 15.
Nd5 Nd7 16. Be3 Nf6 17. Nxf6+ Bxf6 18. Qe2 Qd7 19. Rfd1 Be7 20. Rac1 f5 21.
exf5 Bxg2 22. Kxg2 Rac8 23. c4 bxc4 24. Rxc4 Qxf5 25. Rxc8 Qxc8 26. Qd3 Qb7+
27. Qd5+ Qxd5+ 28. Rxd5 Rc8 29. b3 Kf7 30. Kf3 Ke6 31. Ke4 Bd8 32. Rd1 Rc2 33.
a3 Rc3 34. Rd3 Rxd3 35. Kxd3 d5 36. Bc5 g5 37. hxg5 Bxg5 38. Be3 Bf6 39. f3 h5
40. Bd2 Kf5 41. b4 e4+ 42. fxe4+ dxe4+ 43. Ke2 Be5 44. Be1 Kg4 45. a4 Bxg3 46.
Bxg3 Kxg3 47. b5 axb5 48. axb5 h4 49. b6 h3 50. b7 h2 51. b8=Q+ Kg2 52. Qg8+
Kh1 53. Kf1 e3 54. Qg2# 1-0

[Event "Campeonato de Euskadi Juvenil"]
[Site "Eibar"]
[Date "2013.04.04"]
[Round "4.4"]
[White "Vadillo Jueguen, Jon M"]
[Black "Hernansanz Lorenzo, Iker"]
[Result "1-0"]
[WhiteElo "1581"]
[BlackElo "1816"]
[PlyCount "71"]
[EventDate "2013.04.02"]
[SourceDate "2005.01.01"]

1. c4 c5 2. Nc3 Nc6 3. Nf3 g6 4. g3 Bg7 5. Bg2 e5 6. O-O Nge7 7. d3 d6 8. Ne1
O-O 9. Nc2 Be6 10. Ne3 Rb8 11. Rb1 f5 12. Ned5 h6 13. e3 g5 14. f4 exf4 15.
exf4 g4 16. Re1 Bd7 17. Nb5 Be8 18. Nxe7+ Nxe7 19. Nxa7 Bd7 20. Qb3 Ng6 21. Nb5
Bc6 22. Re6 Bxb5 23. Qxb5 Kf7 24. Bd5 Bd4+ 25. Kg2 Kg7 26. Be3 Bf6 27. Bd2 h5
28. Bc3 {Diagrama #} 28... h4 29. Bxf6+ Rxf6 30. Rxf6 Qxf6 31. Qd7+ Kh6 32. Qf7
h3+ 33. Kf1 Qd4 34. Qxf5 Re8 35. Bf7 Nxf4 36. gxf4 1-0

[Event "Campeonato de Euskadi Juvenil"]
[Site "Eibar"]
[Date "2013.04.04"]
[Round "4.5"]
[White "Lertxundi Azpiazu, Jon"]
[Black "Barrio Ugidos, Ibon"]
[Result "0-1"]
[WhiteElo "1461"]
[BlackElo "1925"]
[PlyCount "75"]
[EventDate "2013.04.02"]
[SourceDate "2005.01.01"]

1. e4 c5 2. Nf3 Nc6 3. Nc3 g6 4. Bc4 Bg7 5. d3 d6 6. h3 a6 7. a3 b5 8. Ba2 e6
9. O-O Nge7 10. Be3 Nd4 11. Bf4 Nec6 12. Rb1 Bb7 13. Nxd4 cxd4 14. Ne2 g5 15.
Bd2 Qe7 16. c3 dxc3 17. Nxc3 h5 18. Be3 g4 19. hxg4 hxg4 20. Qxg4 Bf6 21. f4
O-O-O 22. Kf2 Rdg8 23. Qf3 Nd4 24. Bxd4 Bxd4+ 25. Ke1 Qh4+ 26. Kd2 Rg3 27. Qd1
Be3+ 28. Kc2 Rxg2+ 29. Kb3 Rhg8 30. Rh1 Qxf4 31. Qh5 Qf2 32. Rhf1 Qc2+ 33. Kb4
Bd4 34. Bb3 a5+ 35. Kxa5 Qxb3 36. Nxb5 R2g3 37. Rfc1+ Kb8 38. Qxf7 0-1

[Event "Campeonato de Euskadi Juvenil"]
[Site "Eibar"]
[Date "2013.04.04"]
[Round "4.6"]
[White "Jauregi Barandiaran, Jon"]
[Black "Laseca Arana, Irati"]
[Result "1-0"]
[WhiteElo "1603"]
[BlackElo "1595"]
[PlyCount "69"]
[EventDate "2013.04.02"]
[SourceDate "2005.01.01"]

1. e4 c5 2. c3 e6 3. d4 cxd4 4. cxd4 b6 5. Nf3 Bb7 6. Bd3 Nf6 7. Qc2 Nc6 8. a3
Rc8 9. Nc3 d6 10. O-O Be7 11. Bd2 e5 12. d5 Nd4 13. Qa4+ Qd7 14. Qxd7+ Nxd7 15.
Nxd4 exd4 16. Ne2 Nc5 17. Bb5+ Kf8 18. Rac1 a6 19. Bc6 Bxc6 20. dxc6 Nxe4 21.
Bf4 d3 22. Ng3 Nc5 23. Nf5 Na4 24. Rfe1 Bf6 25. Bxd6+ Kg8 26. Ne7+ Bxe7 27.
Rxe7 h6 28. c7 Nxb2 29. Bf4 Kf8 30. Rce1 Kg8 31. Rd7 Kh7 32. Ree7 Rhe8 33. Rxe8
Rxe8 34. h3 Rc8 35. Rd8 1-0